| 000 | 01432nam a2200337Ia 4500 | ||
|---|---|---|---|
| 001 | ebr10175729 | ||
| 003 | CaPaEBR | ||
| 006 | m u | ||
| 007 | cr cn||||||||| | ||
| 008 | 070129s2007 enk sb 001 0 eng d | ||
| 020 | _z9781403977540 (cased) | ||
| 020 | _z1403977542 (cased) | ||
| 040 |
_aCaPaEBR _cCaPaEBR |
||
| 035 | _a(OCoLC)648246989 | ||
| 050 | 1 | 4 |
_aPR6023.A93 _bZ631115 2007eb |
| 082 | 0 | 4 |
_a820.9356109041 _222 |
| 100 | 1 |
_aGordon, Craig A. _q(Craig Allen), _d1968- |
|
| 245 | 1 | 0 |
_aLiterary modernism, bioscience, and community in early 20th century Britain _h[electronic resource] / _cCraig Gordon. |
| 260 |
_aBasingstoke : _bPalgrave Macmillan, _c2007. |
||
| 300 | _aviii, 236 p. | ||
| 504 | _aIncludes bibliographical references and index. | ||
| 533 |
_aElectronic reproduction. _bPalo Alto, Calif. : _cebrary, _d2009. _nAvailable via World Wide Web. _nAccess may be limited to ebrary affiliated libraries. |
||
| 650 | 0 | _aHuman body in literature. | |
| 650 | 0 | _aLife sciences in literature. | |
| 650 | 0 |
_aLiterature and science _zGreat Britain _xHistory _y20th century. |
|
| 650 | 0 |
_aModernism (Literature) _zGreat Britain. |
|
| 650 | 0 |
_aEnglish literature _y20th century _xHistory and criticism. |
|
| 655 | 7 |
_aElectronic books. _2local |
|
| 710 | 2 | _aebrary, Inc. | |
| 856 | 4 | 0 |
_uhttp://site.ebrary.com/lib/rucke/Doc?id=10175729 _zAn electronic book accessible through the World Wide Web; click to view |
| 999 |
_c142003 _d142003 |
||